Miasta w Polsce z najdłuszymi bus-pasami - Statystyki

Ogólne statystyki
  • Ten quiz został rozwiązany 265 razy
  • Średni wynik to 10 z 13
Statystyki odpowiedzi
# Miasto Długość % Poprawnych
1. Warszawa 67 km
100%
2. Kraków 31 km
95%
4. Wrocław 27 km
92%
5. Poznań 23 km
87%
9=. Szczecin 15 km
87%
3. Łódź 28 km
82%
13. Lublin 10 km
77%
7. Białystok 18 km
76%
9=. Bydgoszcz 15 km
75%
12. Rzeszów 12 km
74%
8. Olsztyn 16 km
62%
6. Kielce 21 km
61%
11. Sosnowiec 14 km
30%
Nie znaleziono quizów pasujących do podanych kryteriów
Rozkład punktacji
Procent ludzi z każdym wynikiem
Percentyl według liczby udzielonych odpowiedzi
Twoja historia wyników
Nie rozwiązałeś tego quizu